| 000 | 00714nam a22001937a 4500 | ||
|---|---|---|---|
| 999 |
_c7838 _d7838 |
||
| 003 | AR-CdUCM | ||
| 008 | 190321b ||||| |||| 00| 0 spa d | ||
| 040 |
_aMUNICIPALIDAD PROVINCIAL DEL CUSCO _cBIBLIOTECA MUNICIPAL DEL CUSCO |
||
| 082 |
_a573.709 / _bP83 |
||
| 100 |
_aPozo Flórez, C. Arturo del _922169 |
||
| 245 | _aGuía de Antropología física Paracas / | ||
| 260 |
_aLima : _bGrambs, _c1988. |
||
| 300 |
_a327 páginas ; _bIlustraciones, _c21 cm. |
||
| 505 | _aCavernas: Estudio de los cráneos con deformaciones artificiales y trepanaciones o patologías diversas -- Técnicas utilizadas. | ||
| 650 |
_aCraneología _97208 |
||
| 650 |
_aÉpoca Prehispánica _92714 |
||
| 942 |
_2ddc _cLIBROS |
||
| 945 | _aacv | ||